|
|
|
|
| LEADER |
00623nam a22001817a 4500 |
| 003 |
OSt |
| 020 |
|
|
|a 978-0-470-40093-7
|
| 082 |
|
|
|a 519
|b RAC/PR
|
| 100 |
|
|
|a Rachev, Svetlozar
|
| 245 |
|
|
|a Probability and statistics for finance
|
| 250 |
|
|
|a 1
|
| 260 |
|
|
|a Canada
|b John wiley &sons
|c 2010
|
| 300 |
|
|
|a 654p.
|
| 650 |
|
|
|a Probability Vs statistics
|
| 700 |
|
|
|a Hochstotter, Markus
|a Fabozzi, Frank J
|a Focardi, Sergio M
|
| 942 |
|
|
|2 ddc
|c REF
|
| 999 |
|
|
|c 177979
|d 177979
|
| 952 |
|
|
|0 0
|1 0
|2 ddc
|4 0
|6 519_000000000000000_RAC_PR
|7 0
|8 REF
|9 182922
|a KAUCBV
|b KAUCBV
|c REF
|d 2017-10-17
|g 4930.00
|o 519 RAC/PR
|p KAU_CCBM-14955
|r 2017-10-17
|w 2017-10-17
|y REF
|